00834nam a22002297a 450000500170000001000130001702000230003003500130005303700160006604000120008208200300009410000320012424500790015624600410023526000760027627000660035230000520041865000500047065000450052065000210056565000180058620170124103000.0 aB-067415 c100.00a8187654767 aB-067415 bCen Lib/Ret aDPLbHN aउ bशर्माअ  aशर्मा, अजय  aखुली हुयी खिड़की /cअजय शर्मा  aKhuli huyi khidki /bby Ajay Sharma  bमनप्रीत प्रकाशन aदिल्ली c2002 bदिल्ली aगीता कॉलोनी e110031 a92पृ.c20सेमी(सजिल्द )  a हिंदी साहित्य x z  a हिंदी उपन्यास  aHindi literature aHindi fiction